000 00628nam a2200241 i 4500
001 C2-0259971
003 PPAK
005 20180727230110.0
008 041007s2004 at |||| ||||| | eng d
020 _a0534619835
040 _aPPAK
_beng
_cPPAK
_erda
082 0 4 _a155.2
_223
090 0 0 _a155.2
_bRYC
_dR
100 1 _aRyckman, Richard M.,
_eauthor
245 1 0 _aTheories of personality
264 1 _aAustralia :
_bThomson ,
_c2004
300 _axxii, 698 pages ;
_c24 cm
336 _2rdacontent
_atext
337 _2rdamedia
_aunmediated
338 _2rdacarrier
_avolume
650 1 0 _aPersonality.
942 _ddc
_cB
999 _c71190
_d71190